| 000 | 00513 a2200133 4500 | ||
|---|---|---|---|
| 082 | _aBIT-6 | ||
| 100 |
_aHira Qamar _992230 |
||
| 245 |
_aSoftware Based Disk Wirte Blocker and Froensic Image [Project BIT6] _c Hira Qamar |
||
| 260 |
_a Islamabad, _bNUST School of Electrical Engineering & Computer Science, |
||
| 300 |
_a 73 p. _b: ill. _c; 27 cm. + _eCD-ROM |
||
| 500 | _aSupervisors : Dr. Fauzan Mirza, Dr. Ali Khayam. | ||
| 856 | _uhttp://10.250.8.41:8080/xmlui/handle/123456789/11500 | ||
| 942 |
_cPR _kBIT-6 HIR _2ddc |
||
| 999 |
_c9155 _d9155 |
||